Selecting Parameters of Detectors When Recognizing Materials Based on the Separation of Soft and Hard X-Ray Components; Russian Journal of Nondestructive Testing; Vol. 54, iss. 11

Մատենագիտական մանրամասներ
Parent link:Russian Journal of Nondestructive Testing
Vol. 54, iss. 11.— 2018.— [P. 797–810]
Համատեղ հեղինակ: Национальный исследовательский Томский политехнический университет (ТПУ) Институт неразрушающего контроля (ИНК) Российско-китайская научная лаборатория радиационного контроля и досмотра (РКНЛ РКД)
Այլ հեղինակներ: Osipov S. P. Sergey Pavlovich, Usachev E. Yu. Evgeny Yurjevich, Chakhlov S. V. Sergey Vladimirovich, Shchetinkin S. A. Sergey Aleksandrovich, Kamysheva E. N. Ekaterina Nikolaevna
Ամփոփում:Title screen
An approach to choosing the materials and thicknesses of detectors and an intermediate filter is considered in a material recognition method based on single X-raying of a test object with separate detection of soft and hard photons. The approach combines the maximum sensitivity to changes in the effective atomic number and the minimum error of its estimation. An example is given of selecting the parameters of the detectors and intermediate filter for X-ray energies in the range from 100 to 300 keV.
Режим доступа: по договору с организацией-держателем ресурса
Լեզու:անգլերեն
Հրապարակվել է: 2018
Խորագրեր:
Առցանց հասանելիություն:https://doi.org/10.1134/S1061830918110074
Ձևաչափ: Էլեկտրոնային Գրքի գլուխ
KOHA link:https://koha.lib.tpu.ru/cgi-bin/koha/opac-detail.pl?biblionumber=659345

MARC

LEADER 00000naa0a2200000 4500
001 659345
005 20250321145544.0
035 |a (RuTPU)RU\TPU\network\27892 
090 |a 659345 
100 |a 20190213d2018 k||y0rusy50 ba 
101 0 |a eng 
102 |a US 
135 |a drcn ---uucaa 
181 0 |a i  
182 0 |a b 
200 1 |a Selecting Parameters of Detectors When Recognizing Materials Based on the Separation of Soft and Hard X-Ray Components  |f S. P. Osipov [et. al.] 
203 |a Text  |c electronic 
300 |a Title screen 
320 |a [References: 31 tit.] 
330 |a An approach to choosing the materials and thicknesses of detectors and an intermediate filter is considered in a material recognition method based on single X-raying of a test object with separate detection of soft and hard photons. The approach combines the maximum sensitivity to changes in the effective atomic number and the minimum error of its estimation. An example is given of selecting the parameters of the detectors and intermediate filter for X-ray energies in the range from 100 to 300 keV. 
333 |a Режим доступа: по договору с организацией-держателем ресурса 
461 |t Russian Journal of Nondestructive Testing 
463 |t Vol. 54, iss. 11  |v [P. 797–810]  |d 2018 
610 1 |a электронный ресурс 
610 1 |a труды учёных ТПУ 
610 1 |a рентгеновское излучение 
610 1 |a атомный номер 
610 1 |a инспекционный контроль 
610 1 |a метод дуальных энергий 
701 1 |a Osipov  |b S. P.  |c specialist in the field of non-destructive testing  |c Leading researcher of Tomsk Polytechnic University, candidate of technical sciences  |f 1958-  |g Sergey Pavlovich  |3 (RuTPU)RU\TPU\pers\35098  |9 18373 
701 1 |a Usachev  |b E. Yu.  |g Evgeny Yurjevich 
701 1 |a Chakhlov  |b S. V.  |c physicist  |c Head of the laboratory of Tomsk Polytechnic University, Candidate of physical and mathematical sciences  |f 1956-  |g Sergey Vladimirovich  |3 (RuTPU)RU\TPU\pers\34254  |9 17785 
701 1 |a Shchetinkin  |b S. A.  |g Sergey Aleksandrovich 
701 1 |a Kamysheva  |b E. N.  |g Ekaterina Nikolaevna 
712 0 2 |a Национальный исследовательский Томский политехнический университет (ТПУ)  |b Институт неразрушающего контроля (ИНК)  |b Российско-китайская научная лаборатория радиационного контроля и досмотра (РКНЛ РКД)  |3 (RuTPU)RU\TPU\col\21551 
801 2 |a RU  |b 63413507  |c 20190213  |g RCR 
856 4 |u https://doi.org/10.1134/S1061830918110074 
942 |c CF